000 00736nam a2200205 i 4500
001 21713
003 ES-MaACL
005 20250809044130.0
007 t|
008 021127s1892 sp ||||1| spa d
100 1 _aAgut y Fernández, Julián.
_918926
245 1 0 _aDel impuesto de derechos reales de transmisión de bienes /
_ccon comentarios y notas de Julián Agut y Fernández.
250 _a2ª ed.
260 _aMadrid :
_b[s.n.],
_c1892.
490 1 _aLegislación de la Hacienda Pública de España ;
_v38
650 7 _aImpuesto de derechos reales-
_zEspaña
_2
_9160616
830 0 _aLegislación de la Hacienda Pública de España ;
_v38
_9180775
852 _aES-MaACL
_jT-1286-F-7
999 _c21713
_d21713